| 000 | 00344nam a22000977a 4500 | ||
|---|---|---|---|
| 082 |
_a342.54910682 _bOAT |
||
| 245 |
_aThe Oaths Act, 1873: _bwith notaries ordinances, 1961 (law about oaths, affirmations and affidavits) and high court rules & orders / |
||
| 260 |
_aLahore : _bIrfan Law Book House, |
||
| 300 |
_a104 p. ; _c23 cm. |
||
| 942 |
_2ddc _cBK |
||
| 999 |
_c592357 _d592357 |
||